盜墓筆記之沙海 . 荒沙詭影 . 1

資料類型: Book 圖書   書目號:46977

Leader xxxxxxxxxx
001 __ PCLIS00046977
005 __ 20220218154900.0
010 0_ |a978-986-219-833-9|b平裝|dNT$199
042 __ |anbic
100 __ |a20140502d2013    m  y0chiy09      e
101 0_ |achi
102 __ |atw
105 __ |ay   z   000ay
200 1_ |a盜墓筆記之沙海|h1|i荒沙詭影|f南派三叔著
205 __ |a第1版
210 __ |a新北市汐止區|c普天出版|a新北市中和區|c旭昇圖書總經銷|d2013(民102)
215 0_ |a239面|d21公分
225 2_ |a文學新樂園|v281
300 __ |a著者本名徐磊
410 _0 |12001 |a文學新樂園|v281
500 11 |a盜墓筆記
517 1_ |a荒沙詭影|zchi
681 __ |a857.7|b8564
700 _0 |a南派三叔|4801 _0 |atw|b內湖高中|c20140502|gCCR
詳細館藏(共 1 筆)
索 書 號登 錄 號冊次號館別 / 館藏地流通類型狀態加入預約清單電子資源
857.7 / 8564 1021440 v.1 圖書館 / 一樓普通區 可外借30天 在館   

| 條列資料




目錄查詢 分類查詢 個人資料 圖書薦購 新書查詢 閉館日 排行榜 更多電子資源 Hami書城 線上資料庫 登出

From : 216.73.217.52

  本日流通累計至 04:13:38 借閱 : 0 次 續借 : 0 次 歸還 : 0 次 預約 : 0 次 電子資源 : 0 次


內湖高中圖書館  PCLIS 版本  26.5.0.12